000 00772nam a2200229 u 4500
005 20240323063636.0
008 121107s2006 es r 000 0 spa d
020 _a8424106423
035 _aUPN01000188226
049 _aI
050 4 _aDF77
_bM3.4
100 1 _aMacdonald, Fiona,
_d1958-
_933856
245 1 4 _aLos griegos construían templos :
_by otras preguntas sobre la antigua Grecia /
_cFiona Macdonald ; tr. Alberto Jiménez Rioja.
260 _aLeón, Esp. :
_bEverest,
_c2006.
300 _a32 p. :
_bil.
440 0 _aMe pregunto por qué
534 _pTítulo original:
_tWonder why greeks built temples
651 4 _aGrecia
_xCivilización
_96890
651 4 _aGRECIA -
_xHISTORIA -
_vLITERATURA INFANTIL
_911371
905 _aInfantil
999 _c160329
_d160329